Представление документа в формате MARC21

Поле Инд. ПП Название Значение
Тип записи a
Библиографический уровень b
001 Контрольный номер RU/IS/BASE/255093472
005 Дата корректировки 20240523154111.6
008 Кодируемые данные 20080131
040 b Код языка каталог. rus
e Правила каталог. PSBO
041 0_ a Код языка текста rus
084 a Индекс другой классификации/Индекс ББК 60.55-3; 88.3; 88.54
100 1_ a Автор Стивенс Дж.
q Полное имя Стивен Джон
245 10 a Заглавие Организационное поведение
336 a Термин вида содержания Текст
337 a Термин типа средства электронный
520 0_ a Аннотация Статья написана на материале книги Яна Брукса "Организационное поведение"
650 04 a Основная рубрика общая психология
a Основная рубрика психология
a Основная рубрика психология групп
a Основная рубрика психология личности
a Основная рубрика социальная психология
a Основная рубрика социология
a Основная рубрика социология организаций
653 1_ a Ключевые слова внешняя среда
a Ключевые слова гуманистический подход
a Ключевые слова индивидуальное поведение
a Ключевые слова корпоративная культура
a Ключевые слова личностное тестирование
a Ключевые слова личность
a Ключевые слова обучающаяся организация
a Ключевые слова организационное поведение
a Ключевые слова организация
a Ключевые слова психодинамическая теория личности
a Ключевые слова теории личности
a Ключевые слова теории личных черт
a Ключевые слова теория атрибуции
a Ключевые слова тесты способностей
a Ключевые слова ценностные установки
773 0_ t Заглавие источника Менеджмент в России и за рубежом
d Дата издания источника 2007
g Прочая информация № 5. - С. 122 - 136 : табл.
856 40 u URL https://www.mevriz.ru/articles/2007/5/4269.html
a Имя сервера/домена Менеджмент в России и за рубежом
d Путь http://mevriz.ru/
i Указания/сценарий входа Бесплатный доступ
y Справочный текст Электронная версия
901 t Тип документа b